Welcome to CU Library Online Public Access Catalogue (OPAC)

systematic theology vol..3 (Record no. 2769)

MARC details
000 -LEADER
fixed length control field 00405nam a22001577a 4500
005 - DATE AND TIME OF LATEST TRANSACTION
control field 20250122105659.0
008 - FIXED-LENGTH DATA ELEMENTS--GENERAL INFORMATION
fixed length control field 250122b |||||||| |||| 00| 0 eng d
020 ## - INTERNATIONAL STANDARD BOOK NUMBER
International Standard Book Number 9780764225536
050 ## - LIBRARY OF CONGRESS CALL NUMBER
Classification number BT 75.3 GEI
Item number 1
100 ## - MAIN ENTRY--PERSONAL NAME
Personal name Geisler, Norman
245 ## - TITLE STATEMENT
Title systematic theology vol..3
Remainder of title Sin salvation
260 ## - PUBLICATION, DISTRIBUTION, ETC.
Place of publication, distribution, etc. Minneapolis
Name of publisher, distributor, etc. Bethanyhouse
Date of publication, distribution, etc. 2002c
300 ## - PHYSICAL DESCRIPTION
Extent 624p
500 ## - GENERAL NOTE
General note index
942 ## - ADDED ENTRY ELEMENTS (KOHA)
Source of classification or shelving scheme Library of Congress Classification
Koha item type Books
Suppress in OPAC No
999 ## -
-- 2769
-- 2769
Holdings
Withdrawn status Lost status Source of classification or shelving scheme Damaged status Not for loan Collection Home library Current library Shelving location Date acquired Total checkouts Full call number Barcode Date last seen Copy number Price effective from Koha item type
    Library of Congress Classification     Non-fiction Business Library (Miotso) Business Library (Miotso) General stacks 03/04/2026   BT 75.3 GEI BSSM00002458 03/04/2026 1 03/04/2026 Books
    Library of Congress Classification     Non-fiction Business Library (Miotso) Business Library (Miotso) General stacks 03/04/2026   BT 75.3 GEI BSSM00002459 03/04/2026 2 03/04/2026 Books
    Library of Congress Classification     Non-fiction Graduate Library (Christ Temple) Graduate Library (Christ Temple) General stacks 01/22/2025   BT 75.3 GEI GSCT00000299 01/22/2025 1 01/22/2025 Books
© 2023-2024 Copyright: Central University Libraries. All Rights Reserved | Created by: Mahone Tech Office